00644nam a2200169Ia 4500008004100000020002800041041001300069050002200082100002000104245009900124246003800223260003900261300002400300490002000324650009600344700003400440231221s9999 xx 000 0 und d a97870100689927010068992 achihger aB3280b.H93 2008 aHusserl, Edmund 0a笛卡尔沉思与巴黎讲演b/c(德)埃德蒙德·胡塞尔(Edmund Husserl)著 ; 张宪译 a笛卡爾沈思與巴黎講演b/ a北京 : b人民出版社, c2008 a240 p. b; c21 cm. a胡塞尔文集 a笛卡尔 (Descartes, Rene, 1596-1650) 哲学思想笛卡尔 (Descartes, Rene, 1596-1650) a埃德蒙德 胡塞尔张宪